Harijan welfare police station in Madhya Pradesh structure and function (Record no. 501491)

000 -LEADER
fixed length control field 00432cam a22001217a 4500
008 - FIXED-LENGTH DATA ELEMENTS--GENERAL INFORMATION
fixed length control field 180718b1990 xxu||||| |||| 00| 0 eng d
082 ## - DEWEY DECIMAL CLASSIFICATION NUMBER
Classification number APPPA 89-90 GEO
100 ## - MAIN ENTRY--PERSONAL NAME
Personal name George, M.P.
245 ## - TITLE STATEMENT
Title Harijan welfare police station in Madhya Pradesh structure and function
Statement of responsibility, etc. by M.P. George
260 ## - PUBLICATION, DISTRIBUTION, ETC.
Place of publication, distribution, etc. New Delhi
Name of publisher, distributor, etc. Indian Institute of Public Administration
Date of publication, distribution, etc. 1990
300 ## - PHYSICAL DESCRIPTION
Extent 96p.
650 ## - SUBJECT ADDED ENTRY--TOPICAL TERM
Topical term or geographic name entry element Harijan welfare police station-Madhya Pradesh
Holdings
Withdrawn status Lost status Damaged status Not for loan Permanent Location Current Location Date acquired Full call number Barcode Date last seen Price effective from Koha item type
        Indian Institute of Public Administration Indian Institute of Public Administration 2018-08-04 APPPA 89-90 GEO GR12377 2018-08-04 2018-08-04 GR

Powered by Koha